[Event "COL-ch sf"]
[Site "Pereira"]
[Date "2024.03.27"]
[Round "3"]
[White "Duque Vasquez, David"]
[Black "Torrente, Alejandro Josue"]
[Result "0-1"]
[WhiteElo "1875"]
[BlackElo "2139"]
[PlyCount "58"]
[EventDate "2024.03.26"]
[EventType "swiss"]
[EventRounds "11"]
[EventCountry "COL"]
[SourceTitle "CB14_2024"]
[SourceDate "2024.04.01"]
[SourceVersion "1"]
[SourceVersionDate "2024.04.01"]
[SourceQuality "1"]

1. e4 e5 2. Nf3 Nc6 3. Bb5 a6 4. Ba4 Nf6 5. 0-0 b5 6. Bb3 Be7 7. Re1 0-0 8. h3 d6 9. c3 Na5 10. Bc2 c5 11. d4 Qc7 12. Nbd2 cxd4 13. cxd4 Nc6 14. a3 Bd7 15. Nb3 a5 16. Be3 a4 17. Nbd2 Rfb8 18. Rc1 Qb7 19. Qe2 Bd8 20. Bd3 exd4 21. Nxd4 Ne5 22. Bb1 Bb6 23. g4 d5 24. Nf5 Bxf5 25. Bxb6 Bxg4 26. hxg4 Qxb6 27. g5 Nfd7 28. exd5 Qd4 29. Nf3 Qg4+ 0-1

[Event "Medellin Flores op 30th"]
[Site "Medellin"]
[Date "2023.08.05"]
[Round "5"]
[White "Duque Vasquez, David"]
[Black "Cespedes, Fabio"]
[Result "1-0"]
[WhiteElo "1757"]
[BlackElo "1479"]
[PlyCount "66"]
[EventDate "2023.08.03"]
[EventType "swiss"]
[EventRounds "9"]
[EventCountry "COL"]
[SourceTitle "EXT 2024"]
[Source "ChessBase"]
[SourceDate "2023.10.10"]
[SourceVersion "1"]
[SourceVersionDate "2023.10.10"]
[SourceQuality "1"]

1. e4 c5 2. Nf3 d6 3. d4 cxd4 4. Nxd4 Nf6 5. Nc3 a6 6. Bc4 b5 7. Bb3 Bb7 8. f3 e6 9. 0-0 Be7 10. Be3 Nbd7 11. Bxe6 0-0 12. Bd5 Nxd5 13. Nxd5 Bxd5 14. exd5 Ne5 15. Bf2 Rc8 16. Re1 Re8 17. f4 Ng6 18. Qg4 h5 19. Qf5 Bf6 20. Nc6 Qc7 21. c3 a5 22. Na7 Ra8 23. Nxb5 Rxe1+ 24. Rxe1 Qd8 25. a4 Rc8 26. Nd4 Rc4 27. Nc6 Qa8 28. Qd7 Kh7 29. Re8 Qa6 30. Nb8 Qa8 31. Qb5 Rc7 32. Na6 Rc8 33. Nc7 Qb8 1-0

[Event "Sabaneta op-B 2nd"]
[Site "Sabaneta Antioquia"]
[Date "2023.07.03"]
[Round "9"]
[White "Valencia Escobar, Dario"]
[Black "Duque Vasquez, David"]
[Result "1/2-1/2"]
[WhiteElo "1854"]
[BlackElo "1777"]
[PlyCount "40"]
[EventDate "2023.06.28"]
[EventType "swiss"]
[EventRounds "9"]
[EventCountry "COL"]
[SourceTitle "EXT 2024"]
[Source "ChessBase"]
[SourceDate "2023.10.10"]
[SourceVersion "1"]
[SourceVersionDate "2023.10.10"]
[SourceQuality "1"]

1. e4 e5 2. Nf3 Nc6 3. Bc4 Nf6 4. d3 Be7 5. c3 d6 6. h3 0-0 7. Bb3 h6 8. 0-0 Re8 9. Qe2 Bf8 10. Rd1 Be6 11. Nbd2 Ne7 12. d4 Bxb3 13. axb3 Ng6 14. dxe5 dxe5 15. Nc4 Qe7 16. Nh2 a6 17. Ng4 Rad8 18. Rxd8 Rxd8 19. Qf3 Nxg4 20. Qxg4 Qd7 1/2-1/2

[Event "Sabaneta op-B 2nd"]
[Site "Sabaneta Antioquia"]
[Date "2023.07.02"]
[Round "7"]
[White "Quitian Gallego, Felipe"]
[Black "Duque Vasquez, David"]
[Result "0-1"]
[WhiteElo "1650"]
[BlackElo "1777"]
[PlyCount "82"]
[EventDate "2023.06.28"]
[EventType "swiss"]
[EventRounds "9"]
[EventCountry "COL"]
[SourceTitle "EXT 2024"]
[Source "ChessBase"]
[SourceDate "2023.10.10"]
[SourceVersion "1"]
[SourceVersionDate "2023.10.10"]
[SourceQuality "1"]

1. c4 Nf6 2. g3 g6 3. Bg2 Bg7 4. Nf3 0-0 5. 0-0 d6 6. Nc3 e5 7. d3 Nc6 8. Rb1 a5 9. a3 Nd4 10. b4 axb4 11. axb4 Ne6 12. h3 c6 13. b5 Bd7 14. Be3 Qc7 15. bxc6 bxc6 16. Nd2 Ne8 17. Na4 Ra6 18. Nb6 f5 19. Nxd7 Qxd7 20. f4 exf4 21. gxf4 g5 22. Nb3 h5 23. d4 gxf4 24. Bxf4 Nxf4 25. Rxf4 Bh6 26. Rf3 Qe7 27. Qd3 Ra2 28. Rg3+ Ng7 29. Bf3 Kh8 30. Kh1 f4 31. Rg6 Nf5 32. Rbg1 Bg7 33. Kh2 Qh4 34. Bxc6 Ng3 35. Bf3 Re8 36. Nd2 Re3 37. Qb1 Rxd2 38. Qb8+ Kh7 39. Rxg7+ Kxg7 40. Qc7+ Re7 41. Qxd6 Qf6 0-1

[Event "Medellin Antioquia-ch"]
[Site "Medellin"]
[Date "2023.04.24"]
[Round "4"]
[White "Duque Vasquez, David"]
[Black "Lopez, Juan D"]
[Result "1-0"]
[WhiteElo "1693"]
[BlackElo "1891"]
[PlyCount "87"]
[EventDate "2023.04.18"]
[EventType "swiss"]
[EventRounds "7"]
[EventCountry "COL"]
[SourceTitle "EXT 2024"]
[Source "ChessBase"]
[SourceDate "2023.10.10"]
[SourceVersion "1"]
[SourceVersionDate "2023.10.10"]
[SourceQuality "1"]

1. e4 c5 2. Nf3 d6 3. d4 cxd4 4. Qxd4 Nc6 5. Bb5 Bd7 6. Bxc6 Bxc6 7. Nc3 Nf6 8. Bg5 e5 9. Qd3 Qb6 10. Nd2 Be7 11. Nc4 Qd4 12. Qxd4 exd4 13. Bxf6 dxc3 14. Bxc3 Bxe4 15. 0-0-0 0-0-0 16. Rhe1 Bg5+ 17. Kb1 d5 18. Ne3 Rhe8 19. Nxd5 Bxg2 20. Rxe8 Rxe8 21. Rg1 Rd8 22. Ne3 Bxe3 23. fxe3 g6 24. Bd4 Be4 25. b4 b6 26. Kb2 f5 27. c3 Kd7 28. a4 Kd6 29. Kb3 Bb7 30. b5 Kd5 31. Bxb6 axb6 32. Rd1+ Ke4 33. Rxd8 Kxe3 34. a5 f4 35. a6 Bg2 36. a7 Bb7 37. a8Q Bxa8 38. Rxa8 f3 39. Rf8 f2 40. c4 Ke2 41. c5 bxc5 42. b6 f1Q 43. Rxf1 Kxf1 44. b7 1-0

[Event "Medellin Easter op 11th"]
[Site "Medellin"]
[Date "2023.04.08"]
[Round "5"]
[White "Martinez, Mauricio"]
[Black "Duque Vasquez, David"]
[Result "1/2-1/2"]
[WhiteElo "1886"]
[BlackElo "1693"]
[PlyCount "81"]
[EventDate "2023.04.05"]
[EventType "swiss"]
[EventRounds "7"]
[EventCountry "COL"]
[SourceTitle "CBM 213 Extra"]
[Source "ChessBase"]
[SourceDate "2023.05.31"]
[SourceVersion "1"]
[SourceVersionDate "2023.05.31"]
[SourceQuality "1"]

1. e4 e5 2. Nf3 Nc6 3. d4 exd4 4. Bc4 Nf6 5. Nxd4 Bc5 6. Nxc6 bxc6 7. Nc3 d6 8. h3 0-0 9. 0-0 h6 10. Qf3 Be6 11. Bb3 Re8 12. e5 Nd5 13. Bxd5 Bxd5 14. Nxd5 cxd5 15. exd6 Qxd6 16. Bf4 Qb6 17. Qxd5 Rad8 18. Qb3 Re2 19. Qxb6 cxb6 20. Rac1 g5 21. Bg3 Rdd2 22. Rfd1 Rxd1+ 23. Rxd1 Rxc2 24. Rd8+ Kg7 25. Rd7 a5 26. a3 Kg6 27. b4 axb4 28. axb4 Bxb4 29. f4 Rc1+ 30. Kh2 f6 31. fxg5 hxg5 32. Bf2 Bc5 33. Bxc5 Rxc5 34. Rb7 Rb5 35. g4 Rb3 36. Rd7 b5 37. Kg2 Rb1 38. Rb7 b4 39. Kh2 b3 40. Kg2 b2 41. Kh2 1/2-1/2